000 00598nam a22002177a 4500
999 _c163740
_d163740
003 dpl
005 20190427171404.0
008 190427b ||||| |||| 00| 0 eng d
010 _aA-945402
020 _a8171414117
035 _aA-945402
037 _bBPPD/PUB
040 _c0
082 _a400
100 _aMukalel, joseph C
245 _aLinguistics for the teacher /
_cJoseph, c.mukalel
260 _aNew Delhi
_bDiscovery publishing house
_c1998
300 _a234p.
_c22 cm (HB)
650 _aFinancial accountancy
942 _adpl
_cEN
_k400 / MUK
_2ddc
_h400
_mMUK